[Event "BL 8586 Zehlendorf-Zähringen"]
[Site "?"]
[Date "1986.??.??"]
[Round "?.8"]
[White "Albrecht, R."]
[Black "Schuh, H."]
[Result "0-1"]
[WhiteElo "2250"]
[BlackElo "2300"]
[PlyCount "64"]
[EventDate "1986.??.??"]

1. d4 Nf6 2. c4 g6 3. Nc3 Bg7 4. e4 d6 5. f4 O-O 6. Nf3 c5 7. d5 b5 8. Bd3 bxc4
9. Bxc4 Ba6 10. Nd2 Nfd7 11. O-O Nb6 12. Bxa6 Nxa6 13. a4 Rb8 14. a5 Na8 15.
Nc4 N8c7 16. Qe2 Nb4 17. Be3 f5 18. exf5 gxf5 19. Rf3 Nbxd5 20. Nxd5 Nxd5 21.
Bf2 Qe8 22. Rd1 Qf7 23. Qd3 Nb4 24. Qe2 Nc6 25. Rg3 Kh8 26. Be1 Nd4 27. Qf1 Bf6
28. Bc3 Nb5 29. Kh1 Nxc3 30. bxc3 Rg8 31. Re3 Rb3 32. Qe2 Rxc3 0-1

[Event "BL 8586 Sindelfingen-Zehlendorf"]
[Site "?"]
[Date "1986.??.??"]
[Round "?.1"]
[White "Pritchett, C."]
[Black "Darga, K."]
[Result "1/2-1/2"]
[WhiteElo "2395"]
[BlackElo "2470"]
[PlyCount "49"]
[EventDate "1986.??.??"]

1. e4 e5 2. Nf3 Nc6 3. Bb5 g6 4. O-O Bg7 5. Re1 Nge7 6. c3 a6 7. Ba4 O-O 8. d4
d6 9. h3 Bd7 10. dxe5 dxe5 11. Be3 b6 12. Nbd2 Qe8 13. Nf1 Rd8 14. Qe2 Nb8 15.
Bxd7 Qxd7 16. Red1 Qc6 17. Ng3 Nc8 18. Qc2 Nd6 19. Bg5 Rd7 20. a4 a5 21. b3 Na6
22. Be3 Re8 23. Rd2 Red8 24. Rad1 Nb7 25. Rxd7 1/2-1/2

[Event "BL 8586 Sindelfingen-Zehlendorf"]
[Site "?"]
[Date "1986.??.??"]
[Round "?.2"]
[White "Fahnenschmidt, G."]
[Black "Davies, N."]
[Result "1/2-1/2"]
[WhiteElo "2335"]
[BlackElo "2350"]
[PlyCount "67"]
[EventDate "1986.??.??"]

1. d4 g6 2. c4 Bg7 3. Nc3 d6 4. e4 Nf6 5. f3 O-O 6. Be3 e5 7. d5 c5 8. Qd2 Nh5
9. O-O-O f5 10. exf5 gxf5 11. Nge2 a6 12. Ng3 Qe8 13. Nxh5 Qxh5 14. Kb1 Qf7 15.
Rg1 b5 16. cxb5 axb5 17. Bxb5 Na6 18. Bh6 Kh8 19. Bxg7+ Qxg7 20. a3 Nc7 21. Bd3
Bd7 22. g4 fxg4 23. fxg4 Rfb8 24. Rg3 Be8 25. Rh3 Bg6 26. Bxg6 Qxg6+ 27. Qc2
Qxc2+ 28. Kxc2 Nb5 29. Nxb5 Rxb5 30. Rb3 Rxb3 31. Kxb3 Rb8+ 32. Kc3 Kg7 33. a4
e4 34. a5 1/2-1/2

[Event "BL 8586 Zähringen-Kreuzberg"]
[Site "?"]
[Date "1986.??.??"]
[Round "?.1"]
[White "Berg, K."]
[Black "Vatter, H."]
[Result "1-0"]
[WhiteElo "2350"]
[BlackElo "2260"]
[PlyCount "63"]
[EventDate "1986.??.??"]

1. Nf3 Nf6 2. c4 g6 3. Nc3 Bg7 4. e4 O-O 5. d4 d6 6. Be2 e5 7. O-O Nbd7 8. Qc2
c6 9. Rd1 Qc7 10. Rb1 Re8 11. b4 Nf8 12. h3 a5 13. a3 axb4 14. axb4 exd4 15.
Nxd4 Qe7 16. Bf3 N6d7 17. Be3 Ne6 18. Nxe6 Qxe6 19. Na4 b5 20. cxb5 cxb5 21.
Nc3 Qc4 22. Rbc1 Bb7 23. Rxd6 Ne5 24. Be2 Qxb4 25. Rb6 Rac8 26. Rxb5 Qa3 27.
Rxb7 Rxc3 28. Qxc3 Nf3+ 29. gxf3 Bxc3 30. Bc4 Rc8 31. Bxf7+ Kh8 32. Rb3 1-0

[Event "BL 8586 Zähringen-Kreuzberg"]
[Site "?"]
[Date "1986.??.??"]
[Round "?.2"]
[White "Herbrechtsmeier, C."]
[Black "King, D."]
[Result "0-1"]
[WhiteElo "2330"]
[BlackElo "2435"]
[PlyCount "76"]
[EventDate "1986.??.??"]

1. e4 c5 2. Nf3 Nc6 3. Nc3 Nf6 4. d4 cxd4 5. Nxd4 e5 6. Ndb5 d6 7. Bg5 a6 8.
Na3 b5 9. Bxf6 gxf6 10. Nd5 f5 11. Nxb5 axb5 12. Bxb5 Bd7 13. exf5 Bg7 14. Qg4
Kf8 15. O-O Ne7 16. Bxd7 Nxd5 17. Bc6 Nf6 18. Qf3 Rc8 19. Ba4 Qa5 20. Bb3 h5
21. Rad1 Ke7 22. Rfe1 Rhd8 23. h3 Kf8 24. Qe3 e4 25. Qg5 h4 26. Re3 Rc5 27.
Qxh4 Rxf5 28. g4 Rf4 29. Bd5 Re8 30. Bc6 Rc8 31. Ra3 Qe5 32. Rc3 d5 33. Qg3 Bh6
34. Rc5 Bg5 35. Qa3 Kg7 36. c4 Rf3 37. Rcxd5 Nxd5 38. Rxd5 Qxd5 0-1

[Event "BL 8586 Zähringen-Kreuzberg"]
[Site "?"]
[Date "1986.??.??"]
[Round "?.3"]
[White "Lehmann, K."]
[Black "Kiefer, G."]
[Result "1-0"]
[WhiteElo "2225"]
[BlackElo "2220"]
[PlyCount "101"]
[EventDate "1986.??.??"]

1. e4 c5 2. Nf3 e6 3. c3 d5 4. exd5 Qxd5 5. d4 Nf6 6. Bd3 Be7 7. c4 Qd8 8. dxc5
Bxc5 9. O-O O-O 10. Bg5 Be7 11. Qe2 Nbd7 12. Nc3 b6 13. Rad1 Bb7 14. Ne5 Qe8
15. Nxd7 Nxd7 16. Bxe7 Qxe7 17. Bxh7+ Kh8 18. Rxd7 Qxd7 19. Qh5 g6 20. Bxg6+
Kg7 21. Rd1 Qc7 22. Be4 Bxe4 23. Nxe4 Qf4 24. Rd3 Rh8 25. Ng3 Rac8 26. Qd1 Qxc4
27. Nf1 Rc5 28. Rd4 Qb5 29. Rg4+ Rg5 30. Qd4+ Kh7 31. Rf4 Rf5 32. Rh4+ Rh5 33.
Rf4 Rf8 34. Ng3 Rh6 35. Qd6 Qxb2 36. h3 Qa1+ 37. Kh2 Qg7 38. Ra4 f5 39. Rxa7
Qxa7 40. Qxf8 Qc7 41. Kg1 f4 42. Ne4 Qg7 43. Qxf4 Rg6 44. g3 e5 45. Qf5 Kg8 46.
h4 Qf7 47. Qxe5 Re6 48. Qd5 Qe7 49. Kg2 Kf8 50. Qf5+ Ke8 51. Qh5+ 1-0

[Event "BL 8586 Zähringen-Kreuzberg"]
[Site "?"]
[Date "1986.??.??"]
[Round "?.5"]
[White "Konieczka, F."]
[Black "Arnold, L."]
[Result "1-0"]
[WhiteElo "2240"]
[BlackElo "2305"]
[PlyCount "109"]
[EventDate "1986.??.??"]

1. e4 c5 2. Nf3 Nf6 3. d3 d5 4. Nbd2 Nc6 5. g3 Bg4 6. Bg2 e6 7. O-O Be7 8. h3
Bh5 9. Qe1 O-O 10. c3 dxe4 11. dxe4 Qd3 12. g4 Bg6 13. Nh4 Nd7 14. f4 Bxh4 15.
Qxh4 f6 16. Re1 Rad8 17. Bf1 Qd6 18. Nc4 Qc7 19. a4 Nb6 20. Qf2 Nxc4 21. Bxc4
Qe7 22. a5 b6 23. axb6 axb6 24. Be3 Bf7 25. b4 e5 26. Bxf7+ Rxf7 27. f5 cxb4
28. Bxb6 bxc3 29. Bxd8 Qxd8 30. Ra3 Qd4 31. Rc1 c2 32. Rxc2 Qxe4 33. Ra8+ Rf8
34. Rxf8+ Kxf8 35. Qc5+ Ne7 36. Rb2 h5 37. Qb4 Qe3+ 38. Kg2 hxg4 39. hxg4 e4
40. Qb8+ Kf7 41. Qb3+ Qxb3 42. Rxb3 g6 43. Rb5 gxf5 44. gxf5 Kg7 45. Kf2 Nc8
46. Ke3 Kf7 47. Rb7+ Ke8 48. Rb8 Kd7 49. Kxe4 Nd6+ 50. Kf4 Ke7 51. Ra8 Kd7 52.
Ra7+ Ke8 53. Kg4 Kf8 54. Rd7 Nf7 55. Kh5 1-0

[Event "BL 8586 Zähringen-Kreuzberg"]
[Site "?"]
[Date "1986.??.??"]
[Round "?.6"]
[White "Raupp, T."]
[Black "Grzesik, T."]
[Result "0-1"]
[WhiteElo "2275"]
[BlackElo "2335"]
[PlyCount "100"]
[EventDate "1986.??.??"]

1. c4 Nf6 2. Nc3 d5 3. cxd5 Nxd5 4. g3 g6 5. Bg2 Nxc3 6. bxc3 Bg7 7. Rb1 Nd7 8.
Nf3 O-O 9. O-O c6 10. c4 Qa5 11. Qc2 e5 12. d3 Nc5 13. Bd2 Qa4 14. Qxa4 Nxa4
15. Rfc1 Re8 16. c5 e4 17. dxe4 Rxe4 18. Kf1 Re7 19. Rb4 b5 20. cxb6 Nxb6 21.
Rxc6 Ba6 22. Nd4 Rd8 23. Bg5 Rxe2 24. Bxd8 Bxd4 25. Rxd4 Re4+ 26. Rdc4 Bxc4+
27. Rxc4 Rxc4 28. Bxb6 axb6 29. Bd5 Rc2 30. h4 Kf8 31. Kg2 f5 32. Kf3 h6 33.
Ke3 Ke7 34. Bb3 Rb2 35. f4 Kf6 36. Bd5 g5 37. hxg5+ hxg5 38. fxg5+ Kxg5 39. Kf3
Rd2 40. Bc4 Rc2 41. Bb3 Rc3+ 42. Kf2 Kg4 43. Bd1+ Kh3 44. Bb3 Kg4 45. Bd1+ Kg5
46. Bb3 b5 47. Bd5 b4 48. Be6 Kg4 49. Bb3 Rf3+ 50. Ke2 Rxg3 0-1

[Event "BL 8586 Heidelberg-München 36"]
[Site "?"]
[Date "1986.??.??"]
[Round "?.1"]
[White "Unzicker, W."]
[Black "Neunhoeffer, H."]
[Result "1/2-1/2"]
[WhiteElo "2470"]
[BlackElo "2235"]
[PlyCount "59"]
[EventDate "1986.??.??"]

1. Nf3 d5 2. c4 c6 3. b3 Bg4 4. Bb2 Nd7 5. g3 Ngf6 6. Bg2 e6 7. O-O Be7 8. d4
O-O 9. Nbd2 a5 10. a3 h6 11. Re1 Bf5 12. Rc1 Ne4 13. Nxe4 Bxe4 14. e3 a4 15.
Nd2 Bxg2 16. Kxg2 axb3 17. Qxb3 Qb6 18. Rc3 dxc4 19. Qc2 Qa6 20. Nxc4 b5 21.
Nd2 Rfc8 22. Rc1 c5 23. dxc5 Rxc5 24. Ne4 Qb7 25. Kg1 Rxc3 26. Qxc3 Bf8 27. Qd3
Nb6 28. Qxb5 Qxe4 29. Qxb6 Bxa3 30. Bxa3 1/2-1/2

[Event "BL 8586 Heidelberg-München 36"]
[Site "?"]
[Date "1986.??.??"]
[Round "?.2"]
[White "Steinbacher, M."]
[Black "Smejkal, J."]
[Result "0-1"]
[WhiteElo "2290"]
[BlackElo "2565"]
[PlyCount "76"]
[EventDate "1986.??.??"]

1. e4 e5 2. Nf3 Nc6 3. Bb5 a6 4. Ba4 Nf6 5. O-O Be7 6. Nc3 b5 7. Bb3 d6 8. Nd5
Na5 9. d4 Bb7 10. Re1 O-O 11. Nxe7+ Qxe7 12. Bg5 h6 13. Bh4 Kh7 14. Qd2 Nxb3
15. axb3 Rg8 16. Bxf6 Qxf6 17. dxe5 dxe5 18. Qc3 Rac8 19. Rad1 Rge8 20. Rd7 Bc6
21. Rd3 Re6 22. b4 Bb7 23. Qa3 Qe7 24. Rc3 Rd8 25. Rc5 Rdd6 26. c4 bxc4 27. Qc3
Rc6 28. Qxc4 a5 29. Rd1 axb4 30. Rdd5 Ra6 31. Rd1 Rac6 32. Rxc6 Rxc6 33. Qb5
Rb6 34. Qxe5 Re6 35. Qf5+ g6 36. Qb5 Bxe4 37. Rd7 Qe8 38. Nd4 Bc6 0-1

[Event "BL 8586 Heidelberg-München 36"]
[Site "?"]
[Date "1986.??.??"]
[Round "?.3"]
[White "Nikolac, J."]
[Black "Mack, P."]
[Result "1-0"]
[WhiteElo "2440"]
[BlackElo "2280"]
[PlyCount "131"]
[EventDate "1986.??.??"]

1. c4 e5 2. Nc3 Nc6 3. g3 g6 4. Bg2 Bg7 5. e3 d6 6. Nge2 Nge7 7. Rb1 a5 8. O-O
O-O 9. d3 Bg4 10. h3 Be6 11. Nd5 Qd7 12. Kh2 f5 13. f4 Rae8 14. Bd2 b6 15. Nec3
Bf7 16. Qa4 Rd8 17. a3 Nxd5 18. Nxd5 Ne7 19. Qc2 Nc8 20. e4 c6 21. Ne3 Ne7 22.
Bc3 Be6 23. Rf2 Qc7 24. Rbf1 d5 25. cxd5 cxd5 26. fxe5 Bxe5 27. Bxe5 Qxe5 28.
exd5 Nxd5 29. Nc4 Qd4 30. Re2 Bf7 31. Qd2 Nf6 32. Ne5 Bd5 33. Rf4 Qc5 34. Bxd5+
Qxd5 35. Qe1 Rde8 36. Rff2 Re6 37. Nd7 Rxe2 38. Nxf6+ Rxf6 39. Rxe2 Rf7 40. Qc3
Qd6 41. Re8+ Rf8 42. Qc4+ Kg7 43. Re6 Qd7 44. Rc6 Rf7 45. Qc3+ Kh6 46. Qd2+ Kg7
47. Rxb6 Re7 48. Qc3+ Kh6 49. Qc1+ Kg7 50. h4 a4 51. Qc3+ Kh6 52. Qd2+ Kg7 53.
Qb4 f4 54. Qxf4 Re2+ 55. Kg1 Qd5 56. Qf6+ Kh6 57. Qf8+ Kh5 58. Rb5 Re1+ 59. Kf2
Qxb5 60. Qf3+ Kh6 61. Kxe1 Qxb2 62. Qf8+ Kh5 63. Qf4 Qb1+ 64. Kf2 Qa2+ 65. Ke3
Qe6+ 66. Kf3 1-0

[Event "BL 8586 Koblenz-Bayern"]
[Site "?"]
[Date "1986.??.??"]
[Round "?.2"]
[White "Wolf, V."]
[Black "Kindermann, S."]
[Result "1-0"]
[WhiteElo "2315"]
[BlackElo "2480"]
[PlyCount "98"]
[EventDate "1986.??.??"]

1. d4 Nf6 2. c4 e6 3. Nf3 c5 4. d5 exd5 5. cxd5 d6 6. Nc3 g6 7. Bg5 h6 8. Bh4
Bg7 9. Nd2 a6 10. e4 b5 11. Qc2 Nbd7 12. a4 b4 13. Nd1 O-O 14. Be2 Re8 15. Ne3
Qc7 16. O-O b3 17. Qb1 Rb8 18. Bg3 Ne5 19. h3 g5 20. Ra3 Rb4 21. Re1 Ng6 22.
Nec4 Nf4 23. Bxf4 gxf4 24. Qd3 Qe7 25. a5 Nxe4 26. Bf3 f5 27. Nxe4 fxe4 28.
Rxe4 Qf8 29. Bg4 Bxg4 30. hxg4 Kh8 31. Re6 Bd4 32. Rxb3 Rb5 33. Rxb5 axb5 34.
Nb6 Rxe6 35. dxe6 Qf6 36. Qe4 Be5 37. a6 Qe7 38. Qa8+ Kg7 39. a7 Bd4 40. Qe4
Qxa7 41. e7 Qa1+ 42. Kh2 Bxf2 43. e8=N+ Kh8 44. Qxf4 Qg1+ 45. Kh3 Qh1+ 46. Qh2
Qxh2+ 47. Kxh2 Bd4 48. Kh3 c4 49. Nd5 Bxb2 1-0

[Event "BL 8586 Koblenz-Bayern"]
[Site "?"]
[Date "1986.??.??"]
[Round "?.3"]
[White "Bischoff, K."]
[Black "Doncevic, D."]
[Result "1/2-1/2"]
[WhiteElo "2415"]
[BlackElo "2340"]
[PlyCount "71"]
[EventDate "1986.??.??"]

1. c4 g6 2. Nc3 c5 3. g3 Bg7 4. Bg2 Nc6 5. a3 d6 6. Rb1 a5 7. d3 e5 8. Nf3 Nge7
9. Nd2 Be6 10. h4 h6 11. Nf1 d5 12. cxd5 Nxd5 13. Ne3 Nde7 14. Nc4 O-O 15. O-O
Rb8 16. Nb5 b6 17. Bd2 Nd5 18. a4 Qd7 19. Bc3 Ndb4 20. Nbd6 Rfd8 21. b3 Qe7 22.
Ne4 f5 23. Ned2 Bd5 24. Bxd5+ Nxd5 25. Ba1 Nd4 26. Re1 Nb4 27. Rc1 Na2 28. Rb1
Nb4 29. Rc1 Na2 30. Rb1 Nb4 31. Bc3 Nd5 32. Bb2 Nb4 33. Bc3 Nd5 34. Bb2 Nb4 35.
Qc1 Na2 36. Qd1 1/2-1/2

[Event "BL 8586 Koblenz-Bayern"]
[Site "?"]
[Date "1986.??.??"]
[Round "?.4"]
[White "Schulz, KJ."]
[Black "Hecht, H."]
[Result "1-0"]
[WhiteElo "2370"]
[BlackElo "2445"]
[PlyCount "71"]
[EventDate "1986.??.??"]

1. Nf3 Nf6 2. g3 b6 3. Bg2 Bb7 4. c4 e6 5. O-O Be7 6. Nc3 O-O 7. d4 Ne4 8. Qc2
Nxc3 9. Qxc3 c5 10. b3 Bf6 11. Bb2 Qe7 12. Qc2 d6 13. dxc5 Bxb2 14. c6 Nxc6 15.
Qxb2 Rfd8 16. Rfd1 a6 17. Rd2 b5 18. Rc1 bxc4 19. Rxc4 d5 20. Rc1 Rac8 21. Rdc2
Qd6 22. Nd4 Ne7 23. Rxc8 Rxc8 24. e3 e5 25. Ne2 Rxc1+ 26. Qxc1 Bc6 27. Qd2 d4
28. exd4 Bxg2 29. Kxg2 Qd5+ 30. f3 Nc6 31. Qe3 f6 32. dxe5 Nxe5 33. Nc3 Qc6 34.
Ne4 Kf7 35. Qc5 Ke6 36. Qxc6+ 1-0

[Event "BL 8586 Koblenz-Bayern"]
[Site "?"]
[Date "1986.??.??"]
[Round "?.5"]
[White "Hertneck, G."]
[Black "Andruet, G."]
[Result "0-1"]
[WhiteElo "2410"]
[BlackElo "2395"]
[PlyCount "104"]
[EventDate "1986.??.??"]

1. d4 Nf6 2. c4 e6 3. Nc3 Bb4 4. g3 c5 5. Nf3 b6 6. Bg2 Bb7 7. O-O Bxc3 8. bxc3
Nc6 9. Nd2 O-O 10. e4 Ne8 11. Ba3 d6 12. e5 Na5 13. exd6 Bxg2 14. Kxg2 Nxd6 15.
Qe2 Ndxc4 16. Nxc4 Qd5+ 17. Qf3 Nxc4 18. Qxd5 exd5 19. Bc1 cxd4 20. cxd4 Rfe8
21. Kf3 f6 22. Be3 Rac8 23. Rac1 Rc6 24. Ke2 Kf7 25. Rc3 g5 26. Rb1 Rec8 27.
Bc1 Nd6 28. Rxc6 Rxc6 29. Kd1 Ne4 30. Rb2 Nc3+ 31. Kd2 Ne4+ 32. Kd1 Rc3 33. Be3
Ke6 34. g4 Ra3 35. Rc2 Kd7 36. Rb2 Kc6 37. Rc2+ Rc3 38. Re2 Rc4 39. Re1 Nc3+
40. Kd2 Ne4+ 41. Kd1 Ra4 42. f3 Nc3+ 43. Kc2 Nb5 44. Kb3 Ra3+ 45. Kb2 Rd3 46.
Kc2 Rc3+ 47. Kb2 Rc4 48. h4 gxh4 49. Bf2 Nxd4 50. Bxd4 Rxd4 51. Re6+ Kc5 52.
Rxf6 h5 0-1

[Event "BL 8586 Koblenz-Bayern"]
[Site "?"]
[Date "1986.??.??"]
[Round "?.6"]
[White "Brueckner, T."]
[Black "Hickl, J."]
[Result "1/2-1/2"]
[WhiteElo "2265"]
[BlackElo "2370"]
[PlyCount "102"]
[EventDate "1986.??.??"]

1. d4 d6 2. Nf3 Nf6 3. c4 c5 4. d5 g6 5. Nc3 Bg7 6. g3 O-O 7. Bg2 Na6 8. O-O
Nc7 9. h3 a6 10. a4 Rb8 11. a5 e6 12. e4 b5 13. e5 Nfe8 14. Bf4 exd5 15. cxd5
Bb7 16. exd6 Nxd6 17. Nd2 Nce8 18. Nde4 Rc8 19. Be3 b4 20. Nxd6 Nxd6 21. Na4 c4
22. Bc5 c3 23. Bxb4 cxb2 24. Rb1 Re8 25. Nxb2 Nb5 26. Na4 Qg5 27. Nb6 Rcd8 28.
Qd3 h5 29. Bd2 Qf6 30. h4 Qd4 31. Qxd4 Bxd4 32. Rfe1 Nc3 33. Rxe8+ Rxe8 34. Re1
Rxe1+ 35. Bxe1 Bxb6 36. Bxc3 Bc5 37. d6 Bc8 38. Be5 Bd7 39. Bf1 Bb4 40. Bxa6
Bxa5 41. Bc4 Bb4 42. Bd5 Kf8 43. Kg2 Bc5 44. Kf3 Ke8 45. Kf4 f6 46. Bxf6 Bxd6+
47. Kg5 Bf5 48. Bf3 Bd3 49. g4 hxg4 50. Bxg4 Kf7 51. Bd1 Kg8 1/2-1/2

[Event "BL 8586 Koblenz-Bayern"]
[Site "?"]
[Date "1986.??.??"]
[Round "?.7"]
[White "Klundt, K."]
[Black "Schlick, V."]
[Result "1/2-1/2"]
[WhiteElo "2340"]
[BlackElo "2260"]
[PlyCount "60"]
[EventDate "1986.??.??"]

1. e4 c5 2. Nf3 Nc6 3. d4 cxd4 4. Nxd4 g6 5. Nc3 Bg7 6. Be3 Nf6 7. Bc4 O-O 8.
Bb3 d6 9. h3 Bd7 10. O-O Nxd4 11. Bxd4 Bc6 12. Qd3 Qa5 13. f4 Rad8 14. Rad1 Nd7
15. Nd5 Bxd4+ 16. Qxd4 Bxd5 17. Bxd5 e6 18. Bb3 Nc5 19. f5 Nxb3 20. axb3 Qc5
21. Qxc5 dxc5 22. fxe6 fxe6 23. Rxf8+ Rxf8 24. Rd6 b6 25. Rxe6 Rd8 26. Re7 Rd2
27. Rxa7 Rxc2 28. Rb7 Rxb2 29. Rxb6 c4 30. b4 c3 1/2-1/2

[Event "BL 8586 Koblenz-Bayern"]
[Site "?"]
[Date "1986.??.??"]
[Round "?.8"]
[White "Bayer, E."]
[Black "Saacke, B."]
[Result "1/2-1/2"]
[WhiteElo "2285"]
[BlackElo "2300"]
[PlyCount "101"]
[EventDate "1986.??.??"]

1. d4 e6 2. c4 d5 3. Nc3 Bb4 4. Nf3 Nf6 5. Bg5 Nbd7 6. Rc1 c5 7. cxd5 exd5 8.
Qa4 O-O 9. e3 Qb6 10. Bxf6 Nxf6 11. dxc5 Bxc5 12. Qc2 Bg4 13. Be2 Bxf3 14. Bxf3
d4 15. exd4 Rfe8+ 16. Ne2 Bb4+ 17. Kf1 Qe6 18. Qb3 Qxb3 19. axb3 Rac8 20. Rc4
Ba5 21. g3 b5 22. Rc5 Bb6 23. Rc3 Ba5 24. Rc5 Bb6 25. Rc3 Ba5 26. Rxc8 Rxc8 27.
Kg2 Rc2 28. Rc1 Rxc1 29. Nxc1 Kf8 30. Bc6 Bb6 31. Ne2 b4 32. Kf3 Ke7 33. Bb5
Nd5 34. Bc4 Kd6 35. g4 h6 36. h4 g6 37. g5 hxg5 38. hxg5 Bd8 39. Ke4 Bxg5 40.
Kd3 f5 41. Kc2 Bh4 42. f3 g5 43. Kd3 Bf2 44. Ba6 g4 45. fxg4 fxg4 46. Ke4 g3
47. Kf3 Nf6 48. Bc4 Nh5 49. Bf7 Ng7 50. Nxg3 Bxd4 51. Ke4 1/2-1/2

[Event "BL 8586 München 36-Koblenz"]
[Site "?"]
[Date "1986.??.??"]
[Round "?.1"]
[White "Gutman, L."]
[Black "Unzicker, W."]
[Result "1/2-1/2"]
[WhiteElo "2485"]
[BlackElo "2470"]
[PlyCount "66"]
[EventDate "1986.??.??"]

1. d4 Nf6 2. c4 e6 3. Nc3 Bb4 4. a3 Bxc3+ 5. bxc3 O-O 6. f3 Ne8 7. e4 Nc6 8.
Bd3 b6 9. a4 Ba6 10. Ba3 d6 11. f4 Na5 12. Qe2 Qd7 13. Bb4 Nb7 14. Nf3 c5 15.
Ba3 Na5 16. O-O Rc8 17. e5 g6 18. d5 Ng7 19. Ng5 f5 20. exf6 Rxf6 21. Qg4 Rcf8
22. Qh3 h5 23. Ne4 R6f7 24. Rae1 Bxc4 25. Bxc4 Nxc4 26. Nxc5 dxc5 27. dxe6 Nxe6
28. Rxe6 Kh7 29. Bc1 Qd5 30. Rfe1 Rf6 31. R6e2 R6f7 32. Qg3 Rf6 33. Qf2 R8f7
1/2-1/2

[Event "BL 8586 München 36-Koblenz"]
[Site "?"]
[Date "1986.??.??"]
[Round "?.2"]
[White "Smejkal, J."]
[Black "Doncevic, D."]
[Result "1-0"]
[WhiteElo "2565"]
[BlackElo "2340"]
[PlyCount "75"]
[EventDate "1986.??.??"]

1. Nf3 g6 2. c4 Nf6 3. d4 Bg7 4. g3 d5 5. cxd5 Nxd5 6. Bg2 O-O 7. O-O Nb6 8.
Nc3 Nc6 9. e3 e5 10. d5 Ne7 11. e4 Bg4 12. a4 c6 13. a5 Nc4 14. a6 bxa6 15. Qb3
cxd5 16. exd5 Nd6 17. Rxa6 Bc8 18. Ra2 a5 19. Re1 f6 20. Be3 Ba6 21. Nd2 Nef5
22. Bc5 Rf7 23. Rea1 Bh6 24. Nce4 Bxd2 25. Nxd2 Rb7 26. Qd1 Bb5 27. b4 a4 28.
Nb1 Nd4 29. Nc3 Nb3 30. Rb1 Rc8 31. Nxb5 Rxb5 32. Bxd6 Qxd6 33. Rxa4 Nd4 34. h4
Rcb8 35. Qd2 Rxd5 36. Qa2 Rbb5 37. Ra5 e4 38. Bxe4 1-0

[Event "BL 8586 München 36-Koblenz"]
[Site "?"]
[Date "1986.??.??"]
[Round "?.4"]
[White "Bastian, H."]
[Black "Andruet, G."]
[Result "1-0"]
[WhiteElo "2375"]
[BlackElo "2395"]
[PlyCount "73"]
[EventDate "1986.??.??"]

1. e4 c6 2. d4 d5 3. exd5 cxd5 4. Bd3 Nf6 5. c3 Nc6 6. Bf4 g6 7. Nd2 Bg7 8.
Ngf3 Bf5 9. Bxf5 gxf5 10. Ne5 Qb6 11. Nb3 O-O 12. Qe2 a5 13. Nc5 Nxe5 14. Bxe5
Qc6 15. O-O Ne4 16. Nd3 Bxe5 17. Nxe5 Qh6 18. Rad1 Qg7 19. Rd3 f6 20. Nd7 Rfd8
21. Nc5 Qf7 22. Nxb7 Rd7 23. Nc5 Nxc5 24. dxc5 e5 25. Rfd1 Rc8 26. Rg3+ Kh8 27.
Qa6 Rb8 28. b3 e4 29. h3 Qe7 30. c6 Ra7 31. Qe2 Qe6 32. Qd2 Rd8 33. Qd4 Raa8
34. c4 Qxc6 35. cxd5 Qd6 36. Rg5 f4 37. Rf5 1-0

[Event "BL 8586 München 36-Koblenz"]
[Site "?"]
[Date "1986.??.??"]
[Round "?.5"]
[White "Schlick, V."]
[Black "Zysk, R."]
[Result "1-0"]
[WhiteElo "2260"]
[BlackElo "2340"]
[PlyCount "75"]
[EventDate "1986.??.??"]

1. e4 e5 2. Nf3 Nf6 3. d4 exd4 4. e5 Ne4 5. Qxd4 d5 6. exd6 Nxd6 7. Bd3 Nc6 8.
Qf4 Be7 9. O-O Be6 10. Nc3 Qd7 11. Be3 Bf5 12. Rad1 Bxd3 13. Rxd3 Qf5 14. Nd5
Qxf4 15. Bxf4 O-O-O 16. Ne5 Rhe8 17. Nxc6 bxc6 18. Nxe7+ Rxe7 19. Be3 Nc4 20.
Rxd8+ Kxd8 21. Bxa7 Nxb2 22. Bd4 Nc4 23. Bxg7 Re2 24. Rc1 Na3 25. Bf8 Nb5 26.
Kf1 Re4 27. c4 Nd6 28. c5 Nb5 29. Rd1+ Kc8 30. Re1 Rxe1+ 31. Kxe1 Nc3 32. Bh6
Kd7 33. Bd2 Na4 34. Be3 Ke6 35. Kd2 Kd5 36. Kd3 h5 37. Bd4 f5 38. g3 1-0

[Event "BL 8586 München 36-Koblenz"]
[Site "?"]
[Date "1986.??.??"]
[Round "?.6"]
[White "Kaiser, W."]
[Black "Weidemann, J."]
[Result "1/2-1/2"]
[WhiteElo "2355"]
[BlackElo "2265"]
[PlyCount "116"]
[EventDate "1986.??.??"]

1. d4 d5 2. c4 e6 3. Nf3 Be7 4. Nc3 Nf6 5. Bg5 h6 6. Bh4 O-O 7. e3 b6 8. Rc1
Bb7 9. Be2 c5 10. dxc5 bxc5 11. O-O Nbd7 12. cxd5 exd5 13. Qc2 Rc8 14. Rfd1 Qb6
15. Qb1 Bc6 16. Bxf6 Nxf6 17. Ne5 Ba8 18. Bf3 Qe6 19. Nd3 g5 20. h3 Ne4 21. Ne1
f5 22. Qd3 Rcd8 23. Nb5 Qe5 24. Qc2 a6 25. Nd3 Qb8 26. Nc3 Bd6 27. Ne1 Bc6 28.
Be2 Bh2+ 29. Kf1 c4 30. Nxd5 Rxd5 31. Bxc4 Rfd8 32. Nf3 Kh7 33. Bxd5 Bxd5 34.
Rd4 Be5 35. Nxe5 Qxe5 36. Qc7+ Qxc7 37. Rxc7+ Kg6 38. b3 Rd6 39. f3 Nf6 40. Ke2
Re6 41. Kd3 Bc6 42. a4 h5 43. Kd2 g4 44. hxg4 hxg4 45. fxg4 Nxg4 46. Rc8 Nxe3
47. Rd3 Nf1+ 48. Kc3 Be4 49. Rdd8 Kf6 50. g4 Ke5 51. gxf5 Bxf5 52. Re8 Ne3 53.
Rxe6+ Bxe6 54. Rc6 Nd5+ 55. Kb2 Nb4 56. Rb6 Nd3+ 57. Ka3 Bd5 58. Rxa6 Bxb3
1/2-1/2

[Event "BL 8586 Bayern-Heidelberg"]
[Site "?"]
[Date "1986.??.??"]
[Round "?.1"]
[White "Neunhoeffer, H."]
[Black "Ribli, Z."]
[Result "0-1"]
[WhiteElo "2235"]
[BlackElo "2605"]
[PlyCount "106"]
[EventDate "1986.??.??"]

1. d4 Nf6 2. c4 e6 3. Nc3 Bb4 4. e3 O-O 5. Nf3 d5 6. Bd3 c5 7. O-O dxc4 8. Bxc4
Nbd7 9. Qe2 b6 10. Rd1 cxd4 11. exd4 Bb7 12. Bg5 Bxc3 13. bxc3 Qc7 14. Rac1 Ng4
15. d5 exd5 16. Bxd5 Bxd5 17. Rxd5 Rfe8 18. Qd2 Ndf6 19. Bxf6 Nxf6 20. Rd4 Rac8
21. c4 Re6 22. Qd3 Rce8 23. h3 h6 24. a4 Qc5 25. Rb1 Re4 26. Rb5 Rxd4 27. Qxd4
Re1+ 28. Kh2 Qc7+ 29. g3 Re4 30. Qd3 Rxc4 31. a5 bxa5 32. Qb1 Rb4 33. Rxb4 axb4
34. Qxb4 Qb6 35. Qxb6 axb6 36. Nd4 Kf8 37. Kg2 Ne4 38. h4 Nd2 39. f3 Ke7 40.
Kf2 Nc4 41. g4 g6 42. f4 Nd6 43. Kf3 h5 44. Nc6+ Kd7 45. Nd4 b5 46. f5 gxf5 47.
gxh5 Ke7 48. Nc6+ Kf8 49. Kf4 f6 50. h6 Kg8 51. Ne7+ Kh7 52. Nd5 Kxh6 53. Nxf6
b4 0-1

[Event "BL 8586 Bayern-Heidelberg"]
[Site "?"]
[Date "1986.??.??"]
[Round "?.2"]
[White "Kindermann, S."]
[Black "Steinbacher, M."]
[Result "0-1"]
[WhiteElo "2480"]
[BlackElo "2290"]
[PlyCount "105"]
[EventDate "1986.??.??"]

1. e4 e6 2. d4 d5 3. Nc3 Nf6 4. Bg5 Be7 5. e5 Nfd7 6. Bxe7 Qxe7 7. Nb5 Kd8 8.
c3 f6 9. exf6 Qxf6 10. Nf3 c6 11. Na3 e5 12. Nc2 Rf8 13. Qd2 e4 14. Ng1 Nb6 15.
Ne3 N8d7 16. f3 Qh6 17. Ng4 Qxd2+ 18. Kxd2 h5 19. Ne3 Nf6 20. f4 Ng4 21. Nh3
Nxe3 22. Kxe3 Bxh3 23. gxh3 g5 24. fxg5 Rf3+ 25. Ke2 Ke7 26. Bg2 Rf5 27. h4 Rf4
28. Rhf1 Rg4 29. Rf2 Nc4 30. Raf1 Nd6 31. Ke3 Rg8 32. Bh1 Rxh4 33. Rg1 Rg6 34.
Rg3 Ke6 35. Ke2 Nf5 36. Rg1 Rg4 37. Rgf1 R4xg5 38. h4 Nxh4 39. Rf8 Nf5 40. Kd2
Ng3 41. Rg1 Nxh1 42. Rxh1 Rg2+ 43. Kc1 Rg1+ 44. Rxg1 Rxg1+ 45. Kd2 Rg2+ 46. Ke3
Rxb2 47. Rh8 Rc2 48. Kf4 Rf2+ 49. Kg5 Rf3 50. Rh6+ Kd7 51. Rh7+ Kc8 52. Re7
Rxc3 53. Kf6 0-1

[Event "BL 8586 Bayern-Heidelberg"]
[Site "?"]
[Date "1986.??.??"]
[Round "?.3"]
[White "Mack, P."]
[Black "Bischoff, K."]
[Result "0-1"]
[WhiteElo "2280"]
[BlackElo "2415"]
[PlyCount "78"]
[EventDate "1986.??.??"]

1. Nf3 Nf6 2. g3 b6 3. Bg2 Bb7 4. O-O e6 5. c4 c5 6. Nc3 Be7 7. d4 Ne4 8. d5
Nxc3 9. bxc3 Bf6 10. Qd3 e5 11. e4 d6 12. Nd2 Nd7 13. f4 h5 14. Nf3 h4 15. Re1
Qe7 16. f5 hxg3 17. hxg3 g6 18. fxg6 fxg6 19. Be3 O-O-O 20. Kf2 g5 21. Rh1 g4
22. Rxh8 Rxh8 23. Nd2 Bg5 24. Rh1 Rxh1 25. Bxh1 Qg7 26. Bxg5 Qxg5 27. Qe3 Qxe3+
28. Kxe3 Nf6 29. Bg2 Kc7 30. Bf1 Bc8 31. Be2 Bd7 32. Bd1 Be8 33. Bb3 Kb7 34.
Bd1 Ka6 35. Kd3 Ka5 36. Nb3+ Ka6 37. Nd2 Bd7 38. Ke3 Ka5 39. Nb3+ Ka6 0-1